000 00636nam a2200217 a 4500
001 000022768
005 20230519124858.0
008 101117s1975 mx a r 000 | spa d
040 _aDO-SdBNP
_aspa
_cBNPHU
082 _a796.342
_bT137t
100 1 _aTalbert, Bill
_946777
240 1 0 _aTennis
245 1 0 _aTenis / Bill Talbert; traducción de René Cárdenas Barrios.
260 _aMéxico D. F. :
_bDiana,
_c1975.
300 _a95 p. :
_bil ;
_c20 cm.
650 4 _aTenis
_926791
650 4 _aJuego de raqueta
_946778
700 1 _aCárdenas Barrios, René
_ttr.
_946779
834 _aTítulo original :
_tTennis
049 _aBNGR
999 _c22265
_d22265